Chat Acronyms - Statistics

General Stats
  • This quiz has been taken 131 times
  • The average score is 18 of 22
Answer Stats
Translation Missing Word Acronym % Correct
I don't ____ Know IDK
99%
Oh my ____ God OMG
97%
In real ___ Life IRL
97%
Laughing out ____ Loud LOL
97%
Be ____ back Right BRB
97%
By the ____ Way BTW
97%
____ much information Too TMI
96%
Best friend ____ Forever BFF
95%
I ____ you Love ILY
94%
____ to you later Talk TTYL
94%
Mind your own ____ Business MYOB
88%
___ to go Got GTG
84%
No ____ Problem NP
84%
____ on the floor laughing Rolling ROFL
84%
For your ____ Information FYI
83%
Be ____ later Back BBL
80%
Thank God it's ____ Friday TGIF
75%
Not safe for ____ Work NSFW
67%
For the ____ Win FTW
60%
In my ____ opinion Humble IMHO
58%
Ta ta for ____ Now TTFN
57%
Just a ____ Second JAS
44%
No matching quizzes found
Score Distribution
Percent of People with Each Score
Percentile by Number Answered
Your Score History
You have not taken this quiz